Fundamentals of law for health informatics and information management. / (Record no. 7391)

MARC details
000 -LEADER
fixed length control field 01312nam a22001937a 4500
008 - FIXED-LENGTH DATA ELEMENTS--GENERAL INFORMATION
fixed length control field 200625b xxu||||| |||| 00| 0 eng d
020 ## - INTERNATIONAL STANDARD BOOK NUMBER
International Standard Book Number 9781584260738
050 ## - LIBRARY OF CONGRESS CALL NUMBER
Classification number KF3827.R4 F86(2e)
245 ## - TITLE STATEMENT
Title Fundamentals of law for health informatics and information management. /
Statement of responsibility, etc. edited by Melanie S. Brodnik, Laurie A. Rinehart-Thompson and Rebecca B. Reynolds.
250 ## - EDITION STATEMENT
Edition statement 2nd ed.
260 ## - PUBLICATION, DISTRIBUTION, ETC.
Place of publication, distribution, etc. Chicago :
Name of publisher, distributor, etc. AHIMA Press,
Date of publication, distribution, etc. 2012.
300 ## - PHYSICAL DESCRIPTION
Extent xxviii, 552 p. :
Other physical details ill. ,
Dimensions 28 cm.
500 ## - GENERAL NOTE
General note Includes index and glossary.
505 ## - FORMATTED CONTENTS NOTE
Formatted contents note Contents: Introduction to the fundamentals of law for health informatics and information management -- The legal system in the United States -- Civil procedure -- Evidence -- Tort law -- Corporations, contracts, and antitrust legal issues -- Consent to treatment -- The legal health record: maintenance, content, documentation, and disposition -- The HIPAA privacy rule -- The HIPAA security rule -- Security threats and controls -- Access, use and disclosure/release of health information -- Required reporting and mandatory disclosure laws -- Risk management and quality improvement -- Corporate compliance -- Medical staff -- Workplace law.
700 ## - ADDED ENTRY--PERSONAL NAME
Personal name Brodnik, Melanie S.
700 ## - ADDED ENTRY--PERSONAL NAME
Personal name Rinehart-Thompson, Laurie A.
700 ## - ADDED ENTRY--PERSONAL NAME
Personal name Reynolds, Rebecca B.
942 ## - ADDED ENTRY ELEMENTS (KOHA)
Source of classification or shelving scheme Library of Congress Classification
Koha item type Books
Holdings
Withdrawn status Lost status Source of classification or shelving scheme Damaged status Not for loan Home library Current library Shelving location Date acquired Total Checkouts Full call number Barcode Date last seen Copy number Price effective from Koha item type
    Library of Congress Classification     WISCONSIN INTERNATIONAL UNIVERSITY COLLEGE, GHANA - MAIN LIBRARY WISCONSIN INTERNATIONAL UNIVERSITY COLLEGE, GHANA - MAIN LIBRARY Law Library 25/06/2020   KF3827.R4 F86(2e) 2773/077/20 25/06/2020 1 25/06/2020 Books

If you have any concerns or questions; kindly contact the library


© Powered by WIUC ICT DIRECTORATE